00756nam a22001937a 450000500170000000800410001702000180005805000200007610000230009624502060011925000120032526000430033730000210038050400460040165000290044765000270047665000200050370000390052320170613115631.0170613b pe ||||| |||| 00| 0 spa d a978997223849904aK230 bS77 20091 aStreck, Lenio Luiz aVerdad y consenso : bconstitución, hermenéutica y teorías discursivas de la posibilidad a la necesidad de respuestas correctas en derecho /cStreck, Lenio Luiz, ; tr. Luis Enrique Alvarez Aranda a1a ed.  aLima, Perú : bARA Editores, c2009. a477 p. ;c24 cm. aBibliografía p. ; 459 - 477 e índice 4aFilosofía del derecho. 4aDerecho xFilosofía. 4aHermenéutica.1 aAlvarez Aranda, Luis Enriqueetr.